Přístupy k eliminaci finančních rizik na bázi finančních hedgingových strategií
Finančné riziká ako jedna zo základných charakteristík finančného rozhodovania. Význam hedgingu (zaisťovania) finančných rizík. Možnosti aplikácie hedgingových stratégií na báze: delta hedgingu, minimalizácie rozptylu, minimalizácie hodnoty Value at Risk (VaR), maximalizácie strednej hodnoty funkcie...
Salvato in:
| Autore principale: | |
|---|---|
| Natura: | Capitolo di libro |
| Lingua: | ceco |
| Soggetti: | |
| Tags: |
Nessun Tag, puoi essere il primo ad aggiungerne!!
|
MARC
| LEADER | 00000naa$a2200000$$$4500 | ||
|---|---|---|---|
| 001 | 0006186 | ||
| 005 | 20231010095832.3 | ||
| 041 | 0 | |a cze | |
| 044 | |a CZ | ||
| 245 | 1 | 0 | |a Přístupy k eliminaci finančních rizik na bázi finančních hedgingových strategií |c aut. Zdeněk Zmeškal |
| 520 | |a Finančné riziká ako jedna zo základných charakteristík finančného rozhodovania. Význam hedgingu (zaisťovania) finančných rizík. Možnosti aplikácie hedgingových stratégií na báze: delta hedgingu, minimalizácie rozptylu, minimalizácie hodnoty Value at Risk (VaR), maximalizácie strednej hodnoty funkcie úžitku a minimalizácie strednej hodnoty strát. Stratégie uplatniteľné v malej otvorenej ekonomike so slabým derivátovým trhom. | ||
| 610 | 2 | 0 | |a riziko finančné |
| 610 | 2 | 0 | |a hedging |
| 610 | 2 | 0 | |a rozhodovanie finančné |
| 610 | 2 | 0 | |a trh kapitálový |
| 610 | 2 | 0 | |a deriváty |
| 610 | 2 | 0 | |a metóda Value at Risk |
| 100 | 1 | |a Zmeškal, Zdeněk | |